000 00510nam a2200217Ia 4500
003 OSt
005 20220928141636.0
006 a|||||r|||| 00| 0
007 ta
008 220927b |||||||| |||| 00| 0 eng d
024 _a16481
037 _cTextual
040 _aSDCL
_cSDCL
_beng
041 _2eng
_aeng
082 _aO-,1L88x, L8
100 _aByron Lord
245 0 _aByron's poetry.
260 _c1978
942 _hO-,1L88x, L8
_cTEXL
_2CC
999 _c818831
_d818831